00832nam a2200241 4500003000400000005001700004008004100021020001500062040001800077041001300095050001500108100005000123240006200173245009300235260004800328264005900376300001800435336002200453337002400475338002400499650003400523700003300557OSt20260530115310.0260417b1998 |||a||a| |||| 001 0 eng d a1564964612 aICIbspacICI aspaheng aNC730bM551 aR. Miller Alistair and M. Brown Jarde d1952 aDesign sense : graphic design on a limited budget / leng10aDesign Sense Graphic Design in a limited budgetcR. Miller Anistatia and M. Brown Jared  aGloucester, Massachusetts :bRockportc1998 1bRockport Publishersc1988aGloucester, Massachusetts : a160 páginas atexto2rdacontent asin medio2rdamedia avolumen2rdacarrier aArtes gráficas x Técnica aJared M Brown, d1964eautor